| 000 | 00926nam a22002537a 4500 | ||
|---|---|---|---|
| 005 | 20170124103037.0 | ||
| 010 | _aA-048874 | ||
| 020 | _c35.00 | ||
| 035 | _aA-048874 | ||
| 037 | _bCen Lib/Ret | ||
| 040 |
_aDPL _bHN |
||
| 082 |
_aउ _bभट्टप्रे |
||
| 100 |
_aभट्ट, प्रेमलाल _965697 |
||
| 245 |
_aशिल्पी / _c प्रेमलाल भट्ट |
||
| 246 |
_aShilpi _bby Prem bhatt |
||
| 260 |
_aदिल्ली _bराजेश प्रकाशन _c1981 |
||
| 270 |
_aकृष्णा नगर _b दिल्ली _e110051 |
||
| 300 |
_a164पृष्ठ. _c20सेमी(सजिल्द) |
||
| 650 |
_aहिंदी साहित्य _965698 |
||
| 650 |
_aहिंदी उपन्यास _965699 |
||
| 650 |
_aHindi literature _965700 |
||
| 650 |
_aHindi novel _965701 |
||
| 942 |
_2ddc _cHN _hउ _mभट्टप्र |
||
| 999 |
_c116276 _d116276 |
||